| 000 | 01538 a2200229 4500 | ||
|---|---|---|---|
| 001 | 21242 | ||
| 005 | 20260407155503.0 | ||
| 008 | 260407a2010 arg spa d | ||
| 003 | AR-UNSa-BCEJYS | ||
| 040 |
_aAR-UNSa-BCEJYS _bspa _cAR-UNSa-BCEJYS |
||
| 080 |
_a658.3 _xPersonal. Relaciones humanas en la empresa (Recursos Humanos) |
||
| 245 | 1 | 0 | _aAdministración de recursos humanos |
| 020 | _a978-607-32-0203-9 | ||
| 250 | _a11a. ed. | ||
| 264 | 1 |
_aMéxico : _bPearson Educación _c2010 |
|
| 300 |
_axix, 491 p. _c27 cm. |
||
| 505 | _a1. Administración estratégica de los recursos humanos: una perspectiva general - 2. Etica empresarial y responsabilidad social corporativa - 3. Diversidad de la fuerza de trabajo, oportunidades equitativas en el empleo y acción afirmativa - 4. Análisis de puestos, planeación estratégica y planeación de recursos - 5. Reclutamiento - 6. Selección - 7. Capacitación y desarrollo - 8. Administración y evaluación del desempeño - 9. Remuneración financiera directa - 10. Prestaciones, remuneración no financiera y otros aspectos de la renumeración - 11. Un ambiente laboral seguro y saludable - 12. Sindicatos laborales y negociaciones colectiva - 13. Relaciones internas con los empleados - 14. Administración global de recursos humanos | ||
| 942 | _cBK | ||
| 590 | _aniveau_biblio:m niveau_hierar:0 | ||
| 100 | 1 | _aMondy, R. Wayne | |
| 856 | 4 | 1 |
_uhttps://biblioeco.unsa.edu.ar/pmb/images/libros/Administraci?n de recursos humanos Mondy, R. Wayne (2010).jpg _yImagen de portada _qimage/jpeg |
| 999 |
_c791 _d791 |
||